[Event "17th Asian Cities"]
[Site "Jakarta INA"]
[Date "2011.04.23"]
[Round "3.2"]
[White "Kaisar, Jenius Hakiki"]
[Black "Kuderinov, Kirill"]
[Result "0-1"]
[BlackTitle "IM"]
[WhiteElo "2251"]
[BlackElo "2480"]
[WhiteTeam "Palembang"]
[BlackTeam "Astana"]
[WhiteFideId "7102097"]
[BlackFideId "13701568"]
[EventDate "2011.04.22"]

1. e4 e5 2. Nf3 Nc6 3. Nc3 Nf6 4. Bb5 Nd4 5. Ba4 Nxf3+ 6. Qxf3 c6 7. O-O d6 8.
h3 Be7 9. d3 Be6 10. Bb3 a5 11. Be3 O-O 12. d4 b5 13. Rad1 Qc8 14. d5 cxd5 15.
Nxd5 Nxd5 16. Bxd5 Bxd5 17. Rxd5 b4 18. Qe2 Qa6 19. Qxa6 Rxa6 20. Rc1 Rc8 21.
Bd2 f6 22. c4 Kf7 23. b3 Ke6 24. Rb5 g6 25. Be3 f5 26. f3 h5 27. g3 fxe4 28.
fxe4 a4 29. Rc2 axb3 30. axb3 Ra1+ 31. Kg2 Re1 32. Kf2 Rb1 33. Rxb4 Rf8+ 34. Kg2
Re1 35. Bf2 Rxe4 36. Rb6 Kf5 37. b4 Rc8 38. c5 dxc5 39. bxc5 Ra4 40. c6 Bd6 41.
Bc5 Bc7 42. Rb1 Ra6 43. Be3 Ke6 44. Bg5 e4 45. Rb4 Bd6 46. Rbc4 Kd5 47. c7 Ra3
48. Bf4 Bxf4 49. gxf4 Rf3 50. R4c3 Rxc3 51. Rxc3 Kd6 52. Rg3 Rxc7 53. Rxg6+ Kd5
54. Rg5+ Kd4 55. Rxh5 Ke3 56. Kg3 Rc1 57. Ra5 Rg1+ 58. Kh2 Rg8 59. Rg5 Rf8 60.
f5 Kd3 61. Kg2 e3 62. Rg7 Rxf5 63. Rd7+ Kc2 64. h4 e2 65. Re7 Kd2 66. Rd7+ Ke1
67. Rd8 Rf2+ 68. Kg1 Rf4 0-1

[Event "17th Asian Cities"]
[Site "Jakarta INA"]
[Date "2011.04.23"]
[Round "3.3"]
[White "AlHuwar, Jasem"]
[Black "Ghaem Maghami, Ehsan"]
[Result "0-1"]
[WhiteTitle "FM"]
[BlackTitle "GM"]
[WhiteElo "2334"]
[BlackElo "2606"]
[WhiteTeam "Abu Dhabi"]
[BlackTeam "Tehran"]
[WhiteFideId "9300465"]
[BlackFideId "12500739"]
[EventDate "2011.04.22"]

1. Nf3 g6 2. g3 Bg7 3. d4 c5 4. Bg2 cxd4 5. Nxd4 Nc6 6. Nxc6 bxc6 7. O-O Rb8 8.
c3 Nf6 9. Qa4 Qc7 10. Nd2 O-O 11. Nc4 Nd5 12. Qa3 d6 13. Rd1 Bg4 14. Ne3 Nxe3
15. Bxe3 c5 16. Rd2 Be6 17. Rc1 a5 18. Bd5 Bxd5 19. Rxd5 Qc6 20. Rdd1 a4 21. Rc2
Rb7 22. c4 Qe4 23. Rdd2 Rb4 24. Qd3 Qb7 25. Bg5 h6 26. Be3 Kh7 27. h4 f5 28. a3
Rb3 29. Qd5 Qxd5 30. cxd5 Ra8 31. Kf1 Ra7 32. Kg2 Bf6 33. Kf1 Kg7 34. Kg2 g5 35.
hxg5 hxg5 36. Rd3 Rxb2 37. Rxb2 Bxb2 38. Bxg5 Rb7 39. Re3 Kf7 40. f4 Bd4 41. Rd3
Rb2 42. Kf1 Rb3 43. Ke1 Be3 0-1

[Event "17th Asian Cities"]
[Site "Jakarta INA"]
[Date "2011.04.23"]
[Round "3.3"]
[White "Moradiabadi, Elshan"]
[Black "Faisal, Abdulla"]
[Result "1-0"]
[WhiteTitle "GM"]
[WhiteElo "2537"]
[BlackElo "2275"]
[WhiteTeam "Tehran"]
[BlackTeam "Abu Dhabi"]
[WhiteFideId "12501255"]
[BlackFideId "9301232"]
[EventDate "2011.04.22"]

1. d4 Nf6 2. c4 e6 3. g3 d5 4. Nf3 Bb4+ 5. Bd2 Be7 6. Bg2 O-O 7. O-O c6 8. Qb3
b6 9. Nc3 Ba6 10. cxd5 cxd5 11. Rfc1 Nc6 12. Nxd5 Qxd5 13. Qxd5 Nxd5 14. Rxc6
Bxe2 15. a4 Bb4 16. Be3 Rfc8 17. Ne5 Ne7 18. Rcc1 Rxc1+ 19. Rxc1 Rc8 20. Rxc8+
Nxc8 21. d5 Bd6 22. Bd4 f6 23. Nc6 exd5 24. Bxd5+ Kf8 25. Be4 h6 26. Kg2 Ba6 27.
Kf3 Bb7 28. Nd8 Bxe4+ 29. Kxe4 Ke7 30. Nc6+ Ke6 31. Be3 f5+ 32. Kd3 Kd5 33. Nd4
g6 34. Ne2 Ne7 35. Bd2 g5 36. Nc3+ Kc6 37. Nb5 Bb8 38. Kc4 a6 39. Nd4+ Kd7 40.
b4 f4 41. g4 Ng8 42. f3 Ne7 43. b5 axb5+ 44. axb5 Be5 45. Nf5 Nxf5 46. gxf5 Ke7
47. Kd5 Kf6 48. Ke4 h5 49. h3 Bc7 50. Bc3+ Kf7 51. Bd4 Bd8 52. Kd5 Bf6 53. Bxb6
Bc3 54. Ke4 1-0

[Event "17th Asian Cities"]
[Site "Jakarta INA"]
[Date "2011.04.23"]
[Round "3.3"]
[White "Ibrahim, Ismail UAE"]
[Black "Mallahi, Amir"]
[Result "0-1"]
[BlackTitle "IM"]
[WhiteElo "2158"]
[BlackElo "2360"]
[WhiteTeam "Abu Dhabi"]
[BlackTeam "Tehran"]
[WhiteFideId "9301038"]
[BlackFideId "12500577"]
[EventDate "2011.04.22"]

1. e4 d5 2. exd5 Nf6 3. d4 Bg4 4. f3 Bf5 5. c4 e6 6. Bd3 Bxd3 7. Qxd3 exd5 8.
Ne2 Na6 9. O-O Nb4 10. Qb3 dxc4 11. Qxc4 Qd5 12. Qc3 O-O-O 13. Bf4 Bd6 14. a3
Nc6 15. Bxd6 Rxd6 16. Rc1 Re8 17. Qc2 Rxe2 18. Qxe2 Nxd4 19. Qf2 Nb3 20. Nc3 Qg5
21. h4 Qa5 22. Rab1 Nxc1 23. Rxc1 Qb6 24. b4 Qxf2+ 25. Kxf2 Rd2+ 26. Ke3 Rxg2
27. Nb5 Nd5+ 28. Ke4 c6 29. Nd6+ Kc7 30. Nxf7 Rh2 31. Ng5 Rxh4+ 32. Ke5 Rh5 0-1

[Event "17th Asian Cities"]
[Site "Jakarta INA"]
[Date "2011.04.23"]
[Round "3.4"]
[White "Pourkashiyan, Atousa"]
[Black "So, Wesley"]
[Result "0-1"]
[WhiteTitle "WGM"]
[BlackTitle "GM"]
[WhiteElo "2371"]
[BlackElo "2667"]
[WhiteTeam "Mashhad"]
[BlackTeam "Tagaytay"]
[WhiteFideId "12502014"]
[BlackFideId "5202213"]
[EventDate "2011.04.22"]

1. e4 c5 2. Nf3 d6 3. d4 cxd4 4. Nxd4 Nf6 5. Nc3 a6 6. Bc4 e6 7. Bb3 b5 8. O-O
Be7 9. Qf3 Qc7 10. a3 O-O 11. Qg3 Kh8 12. Be3 Nc6 13. Nxc6 Qxc6 14. f3 Bb7 15.
Rad1 a5 16. a4 Ba6 17. Rfe1 b4 18. Ne2 e5 19. Bg5 Bc4 20. Bxf6 Bxf6 21. Qf2 Rac8
22. Ng3 Bxb3 23. cxb3 Qc2 24. Qxc2 Rxc2 25. Re2 Rfc8 26. Kf1 Rc1 27. Ree1 R1c2
28. Re2 Rc1 29. Ree1 Rxd1 30. Rxd1 g6 31. Rxd6 Rc1+ 32. Ke2 Bg5 33. Rd3 Rb1 34.
Kf2 Rxb2+ 35. Ne2 Kg7 36. g3 Bd2 37. Rd5 g5 38. h4 h6 39. hxg5 hxg5 40. g4 Kf6
41. Rxa5 Rxb3 42. Ng3 Rb2 43. Ra6+ Ke7 44. Nf5+ Kd7 45. Ke2 Kc7 46. Kd3 b3 47.
a5 Be1 48. Ne7 Rd2+ 49. Ke3 b2 50. Rb6 Rh2 51. Nd5+ Kd7 52. Rb7+ Kd6 53. a6 Bf2+
54. Kd3 Bd4 55. Nc3 Kc6 56. Na4 Rf2 57. Kc4 Rc2+ 58. Kd3 Rf2 59. Kc4 Rxf3 60.
Nxb2 Ra3 61. Nd1 Rxa6 62. Rxf7 Ra3 63. Rf6+ Kd7 64. Nf2 Rc3+ 65. Kb4 Rg3 66. Kc4
Ke7 67. Rf5 Rc3+ 68. Kb4 Rg3 69. Kc4 Ke6 70. Rf8 Rc3+ 71. Kb5 Rg3 72. Rf5 Bxf2
73. Rxf2 Rxg4 74. Re2 Rf4 75. Kc4 g4 76. Kd3 Rf3+ 77. Kd2 Kf6 78. Rh2 Kg5 79.
Rh8 Kf4 80. Rg8 g3 0-1

[Event "17th Asian Cities"]
[Site "Jakarta INA"]
[Date "2011.04.23"]
[Round "3.4"]
[White "Antonio, Rogelio Jr"]
[Black "Ghader Pour, Shayesteh"]
[Result "1-0"]
[WhiteTitle "GM"]
[BlackTitle "WIM"]
[WhiteElo "2589"]
[BlackElo "2241"]
[WhiteTeam "Tagaytay"]
[BlackTeam "Mashhad"]
[WhiteFideId "5200032"]
[BlackFideId "12500747"]
[EventDate "2011.04.22"]

1. e4 c5 2. Nf3 e6 3. c3 Nf6 4. e5 Nd5 5. d4 cxd4 6. Bc4 Nb6 7. Bb3 d6 8. exd6
Bxd6 9. cxd4 Nc6 10. O-O Nb4 11. Nc3 Be7 12. Ne5 O-O 13. a3 N4d5 14. Qf3 Nxc3
15. bxc3 Bg5 16. Be3 Qe7 17. a4 Rb8 18. Qg3 Bxe3 19. fxe3 Nd7 20. d5 Nxe5 21.
Qxe5 Bd7 22. d6 Qe8 23. e4 b5 24. a5 Rc8 25. Qd4 e5 26. Qxa7 Rxc3 27. Bd5 Be6
28. a6 Bxd5 29. exd5 Qd8 30. Qb7 Rc2 31. Qe7 Qb6+ 32. Kh1 Qd4 33. a7 Qd2 34.
Qxf8+ 1-0

[Event "17th Asian Cities"]
[Site "Jakarta INA"]
[Date "2011.04.23"]
[Round "3.4"]
[White "Khademalsharieh, Sarasadat"]
[Black "Gomez, John Paul"]
[Result "0-1"]
[WhiteTitle "WFM"]
[BlackTitle "GM"]
[WhiteElo "2137"]
[BlackElo "2538"]
[WhiteTeam "Mashhad"]
[BlackTeam "Tagaytay"]
[WhiteFideId "12512214"]
[BlackFideId "5201381"]
[EventDate "2011.04.22"]

1. d4 d5 2. c4 c6 3. cxd5 cxd5 4. Bf4 Nc6 5. Nc3 e5 6. dxe5 d4 7. Ne4 Qa5+ 8.
Nd2 f6 9. exf6 Nxf6 10. e4 dxe3 11. Bxe3 Ng4 12. Bc4 Nxe3 13. fxe3 Ne5 14. Qb3
Bb4 15. Rd1 Bd7 16. Be2 O-O-O 17. a3 Bxd2+ 18. Rxd2 Qxd2+ 19. Kxd2 Be6+ 20. Kc3
Bxb3 21. Kxb3 Rd2 0-1

[Event "17th Asian Cities"]
[Site "Jakarta INA"]
[Date "2011.04.23"]
[Round "3.5"]
[White "Stany, G.A."]
[Black "Medina, Warda Aulia"]
[Result "1-0"]
[BlackTitle "WFM"]
[WhiteElo "2407"]
[BlackElo "2035"]
[WhiteTeam "Bangalore"]
[BlackTeam "Tarakan"]
[WhiteFideId "5029104"]
[BlackFideId "7101570"]
[EventDate "2011.04.22"]

1. e4 e6 2. d4 d5 3. e5 c5 4. c3 Nc6 5. Nf3 Qb6 6. a3 a5 7. Bd3 Bd7 8. Bc2 f6 9.
O-O fxe5 10. dxe5 g6 11. Ng5 Bg7 12. c4 Nge7 13. f4 Nd4 14. Nc3 O-O 15. Bd3 Rad8
16. Qg4 Bc8 17. Nxh7 Kxh7 18. Qh4+ Kg8 19. Qxe7 Nf5 20. Qg5 Kh7 21. Rf3 dxc4 22.
Rh3+ Kg8 23. Bxc4 Rd4 24. Be2 c4 25. Kh1 Rfd8 26. Qxg6 Qb3 27. Qh5 Qc2 28. a4 b6
29. Qg4 Bb7 30. Be3 Qxb2 31. Bxd4 Qxa1+ 32. Bg1 Rd2 33. Qg6 Kf8 34. Qxe6 Nh4 35.
Rxh4 Qxc3 36. Qf5+ Kg8 37. Qh7+ Kf8 38. Rg4 Rd7 39. Rxg7 Rxg7 40. Qh8+ 1-0

[Event "17th Asian Cities"]
[Site "Jakarta INA"]
[Date "2011.04.23"]
[Round "3.5"]
[White "Sihite, Chelsie Monica"]
[Black "Sanjay, N."]
[Result "1-0"]
[WhiteTitle "WFM"]
[WhiteElo "2039"]
[BlackElo "2335"]
[WhiteTeam "Tarakan"]
[BlackTeam "Bangalore"]
[WhiteFideId "7101198"]
[BlackFideId "5003075"]
[EventDate "2011.04.22"]

1. e4 c5 2. Nf3 a6 3. c4 e6 4. d4 cxd4 5. Nxd4 Nf6 6. Bd3 Nc6 7. Nxc6 dxc6 8.
O-O e5 9. h3 Bc5 10. Nc3 Be6 11. Qf3 Nd7 12. Rb1 b5 13. cxb5 axb5 14. a3 O-O 15.
Bc2 f6 16. Rd1 Qe7 17. Ne2 Rfd8 18. Ng3 g6 19. Bh6 Nb6 20. Be3 Kg7 21. Rxd8 Rxd8
22. b3 Bd4 23. Bc1 Qc5 24. Qe2 Rd7 25. Nf1 Ra7 26. Ne3 Qe7 27. Ng4 h5 28. Nh2
Bc5 29. Qd2 Kg8 30. a4 Nd7 31. Nf3 Bb4 32. Qe2 bxa4 33. bxa4 c5 34. Nh4 Nf8 35.
Bh6 Bf7 36. Bb3 Ne6 37. Be3 Kh7 38. Nf3 Ra5 39. Qa2 Kg7 40. Bd2 Ra7 41. Bxb4
cxb4 42. Qd2 Rd7 43. Qe1 Rb7 44. Bd5 Rb8 45. Qd2 Nf4 46. Bxf7 Kxf7 47. Kh2 Ne6
48. Qh6 Qf8 49. Qd2 Qd8 50. Qc2 Qc7 51. Qd2 b3 52. Rb2 Qc6 53. a5 Nc5 54. Qc3
Qb5 55. Nd2 Qb4 56. Qe3 Qd4 57. Qxd4 exd4 58. a6 Nxa6 59. Rxb3 Rxb3 60. Nxb3 d3
61. Kg3 Ke6 62. Kf3 Nb4 63. Ke3 g5 64. Nc5+ Ke5 65. Nxd3+ Nxd3 66. Kxd3 Kf4 67.
Kd4 h4 68. Kd5 g4 69. hxg4 Kxg4 70. Ke6 Kg5 71. Kf7 Kf4 72. Kxf6 Kxe4 73. Kg5 1-0

[Event "17th Asian Cities"]
[Site "Jakarta INA"]
[Date "2011.04.23"]
[Round "3.6"]
[White "Yee, Soon Wei"]
[Black "Al-Ali, Hussein Ali Hussein"]
[Result "0-1"]
[WhiteTitle "FM"]
[BlackTitle "FM"]
[WhiteElo "2285"]
[BlackElo "2377"]
[WhiteTeam "Bandar Seri Begawan"]
[BlackTeam "Baghdad"]
[WhiteFideId "10500553"]
[BlackFideId "4800192"]
[EventDate "2011.04.22"]

1. e4 d6 2. d4 Nd7 3. Nc3 e5 4. Nf3 Ngf6 5. Bc4 Be7 6. O-O O-O 7. Re1 c6 8. a4
b6 9. d5 Bb7 10. dxc6 Bxc6 11. Bg5 a6 12. Bxf6 Nxf6 13. Qd3 Nd7 14. Bd5 Nc5 15.
Qe2 Qc7 16. Bxc6 Qxc6 17. b4 Ne6 18. Nd5 Qb7 19. c3 Bd8 20. Red1 g6 21. Nd2 Bg5
22. Nc4 Rad8 23. Ncxb6 f5 24. a5 Kh8 25. exf5 gxf5 26. Nc4 Qg7 27. g3 f4 28. Nd2
fxg3 29. hxg3 Bxd2 30. Rxd2 Ng5 31. Kg2 Rf3 32. Rh1 Rdf8 33. Qc4 Qf7 34. Qe2 Qg6
35. Nf4 exf4 36. Qe7 fxg3 37. fxg3 Rxg3+ 0-1

[Event "17th Asian Cities"]
[Site "Jakarta INA"]
[Date "2011.04.23"]
[Round "3.6"]
[White "Munir, Azizi Bin Ahmad"]
[Black "Ahmed, Abdul Sattar abdulwhhab"]
[Result "0-1"]
[BlackTitle "FM"]
[WhiteElo "1928"]
[BlackElo "2322"]
[WhiteTeam "Bandar Seri Begawan"]
[BlackTeam "Baghdad"]
[WhiteFideId "10500057"]
[BlackFideId "4801849"]
[EventDate "2011.04.22"]

1. e4 c5 2. Nf3 e6 3. c4 Nc6 4. Nc3 a6 5. Be2 Qc7 6. O-O Nf6 7. d4 cxd4 8. Nxd4
Bb4 9. Nxc6 dxc6 10. f3 Bd6 11. Kh1 e5 12. Be3 Be6 13. Qe1 O-O 14. Qf2 b5 15. b3
Rfc8 16. Rfc1 Qe7 17. Nd1 Ba3 18. Rc2 Nd7 19. Nb2 f5 20. Qe1 fxe4 21. fxe4 Nf6
22. Qg3 Bf7 23. Nd3 Bd6 24. Bf3 Bg6 25. Nf2 Re8 26. Rac1 Ba3 27. Rd1 Rad8 28.
Rcd2 Rxd2 29. Rxd2 bxc4 30. bxc4 Qb4 31. Ng4 Nxg4 32. Bxg4 Qxc4 33. Bd1 Qf1+ 34.
Bg1 Bc5 35. Bb3+ Kh8 36. Rd1 Qf8 37. Bxc5 Qxc5 38. Qd3 a5 39. h3 h6 40. Rd2 Rf8
41. Rc2 Qb4 42. Re2 a4 43. Be6 Qe7 44. Bg4 Rf1+ 45. Kh2 Qg5 46. Qe3 Qxe3 47.
Rxe3 Rf2 48. a3 Rd2 49. Bf3 Rd4 50. Kg3 Kg8 51. Kf2 Kf7 52. Rc3 Bxe4 53. Bxe4
Rxe4 54. Rxc6 Ke7 55. Rc7+ Kf6 56. Kf3 Rd4 57. Ke3 h5 58. Rc8 h4 59. Rf8+ Ke6
60. Rg8 Kf7 61. Rc8 g5 62. Rc6 g4 63. hxg4 Rxg4 64. Kf2 Rg3 65. Rc4 Rxa3 66.
Rxh4 Ra1 67. Rh6 a3 68. Ra6 a2 69. Kg3 e4 70. Kf2 e3+ 71. Ke2 Rg1 0-1

[Event "17th Asian Cities"]
[Site "Jakarta INA"]
[Date "2011.04.23"]
[Round "3.7"]
[White "Yeap, Eng Chiam"]
[Black "Wynn Zaw Htun"]
[Result "1/2-1/2"]
[BlackTitle "IM"]
[WhiteElo "2140"]
[BlackElo "2382"]
[WhiteTeam "Penang"]
[BlackTeam "Yangon"]
[WhiteFideId "5702682"]
[BlackFideId "13002783"]
[EventDate "2011.04.22"]

1. Nf3 Nf6 2. c4 g6 3. g3 Bg7 4. Bg2 d6 5. d4 O-O 6. O-O Nbd7 7. Nc3 e5 8. dxe5
dxe5 9. Bg5 h6 10. Bxf6 Qxf6 11. Qc2 c6 12. Rad1 Qe7 13. Ne4 Nc5 14. Nd6 e4 15.
Nh4 e3 16. f4 Bf6 17. b4 Ne6 18. Qe4 Ng7 19. Qxe7 Bxe7 20. Nxc8 Raxc8 21. Rd7
Bxh4 22. gxh4 Rb8 23. b5 a6 24. a4 axb5 25. axb5 Rfc8 26. Ra1 Ne6 27. Rf1 Ng7
28. Rfd1 Ne6 29. Rf1 cxb5 30. cxb5 Nc5 31. Re7 Re8 32. Rxe8+ Rxe8 33. f5 Rd8 34.
fxg6 fxg6 35. h3 Rd2 36. Rc1 b6 37. Kf1 Ne6 38. Bf3 Nf4 39. Rb1 Kf7 40. Ke1 Kf6
41. Rb3 Nd5 42. Rxe3 Nxe3 43. Kxd2 Nf5 44. h5 g5 45. Bg4 Nd6 46. Bd7 Ke5 47. Ke3
Ne4 48. Bc6 Ng3 49. Be8 Nf5+ 50. Kf3 Nh4+ 51. Ke3 Ng2+ 52. Kf3 Nf4 53. e3 Nd5
54. Bf7 Nf6 55. Bg6 Kd6 56. Bd3 Kd5 57. Be2 Nxh5 58. Kg4 Ng7 59. Bd3 Ke5 60. h4
gxh4 61. Kxh4 Nf5+ 62. Kh5 Nxe3 63. Kxh6 Kd4 64. Be2 Nc4 65. Kg5 Kc5 66. Kf4
Kxb5 67. Ke4 Kb4 68. Kd3 1/2-1/2

[Event "17th Asian Cities"]
[Site "Jakarta INA"]
[Date "2011.04.23"]
[Round "3.7"]
[White "Zaw Oo"]
[Black "Looi, Xin Hao"]
[Result "1-0"]
[WhiteTitle "FM"]
[WhiteElo "2291"]
[BlackElo "1970"]
[WhiteTeam "Yangon"]
[BlackTeam "Penang"]
[WhiteFideId "13000195"]
[BlackFideId "5702828"]
[EventDate "2011.04.22"]

1. d4 d5 2. c4 c6 3. Nf3 Nf6 4. e3 e6 5. Bd3 Bd6 6. Nbd2 Nbd7 7. O-O O-O 8. e4
dxe4 9. Nxe4 Nxe4 10. Bxe4 h6 11. Bc2 Qc7 12. b3 Rd8 13. Bb2 Nf8 14. Qe2 b6 15.
Rad1 Bb7 16. h3 Rd7 17. Ne5 Bxe5 18. dxe5 Rad8 19. Rd6 Rxd6 20. exd6 Qxd6 21.
Qg4 e5 22. Rd1 Qe7 23. Rxd8 Qxd8 24. Bxe5 f6 25. Bf4 Bc8 26. Qg3 Kf7 27. Be3 Be6
28. a4 c5 29. Kh2 Qd7 30. a5 Bf5 31. Bxf5 Qxf5 32. Qc7+ Nd7 33. Qxa7 bxa5 34.
Qxa5 Qe5+ 35. Kg1 Qd6 36. Qd2 Qxd2 37. Bxd2 Ke6 38. Kf1 h5 39. Ke2 Kf5 40. Kd3
g5 41. Kc3 g4 42. hxg4+ hxg4 43. b4 cxb4+ 44. Kxb4 Ke4 45. Kb5 f5 46. c5 Nf6 47.
c6 Nd5 48. Ba5 f4 49. c7 Ne7 50. Bb4 1-0

[Event "17th Asian Cities"]
[Site "Jakarta INA"]
[Date "2011.04.23"]
[Round "3.7"]
[White "Lee, Kah Meng Elgin"]
[Black "Sie Thu"]
[Result "0-1"]
[WhiteElo "1904"]
[BlackElo "2237"]
[WhiteTeam "Penang"]
[BlackTeam "Yangon"]
[WhiteFideId "5701996"]
[BlackFideId "13002767"]
[EventDate "2011.04.22"]

1. d4 Nf6 2. c4 e6 3. Nc3 Bb4 4. Bg5 h6 5. Bh4 b6 6. Nf3 Bb7 7. e3 Bxc3+ 8. bxc3
d6 9. Qc2 Nbd7 10. Bd3 Qe7 11. O-O g5 12. Bg3 O-O-O 13. Nd2 h5 14. h3 h4 15. Bh2
g4 16. hxg4 Nxg4 17. Be4 Rdg8 18. Bxb7+ Kxb7 19. Qe4+ Kb8 20. a4 a5 21. Rab1 Rh5
22. c5 Nxh2 23. cxd6 cxd6 24. Kxh2 Rhg5 25. Rg1 d5 26. Qd3 Qd6+ 27. Kh1 Ka7 28.
Qb5 Nf6 29. Nf3 Ng4 30. Rb2 Rf5 31. Ne5 Nxe5 32. dxe5 Rxe5 33. Rgb1 Rb8 34. Qd3
Re4 35. Qb5 Rc4 36. Rb3 Qc6 37. Qxc6 Rxc6 38. Rd1 Rc4 39. Rd4 Rbc8 40. Ra3 Rxc3
41. Rxc3 Rxc3 42. Rxh4 b5 43. axb5 Kb6 44. Rh7 Rc7 45. Rh8 Kxb5 46. Rb8+ Kc5 47.
Ra8 Kb6 48. Rb8+ Rb7 49. Ra8 Ra7 50. Rb8+ Kc5 51. Rc8+ Kb4 52. Rb8+ Kc3 53. Rc8+
Kd3 54. Kg1 a4 55. Kf1 a3 56. Rc1 Kd2 57. Ra1 a2 0-1

[Event "17th Asian Cities"]
[Site "Jakarta INA"]
[Date "2011.04.23"]
[Round "3.8"]
[White "Battulga, Namkhai"]
[Black "Lane, Gary W."]
[Result "1-0"]
[WhiteTitle "FM"]
[BlackTitle "IM"]
[WhiteElo "2420"]
[BlackElo "2366"]
[WhiteTeam "Erdenet"]
[BlackTeam "Sydney"]
[WhiteFideId "4900880"]
[BlackFideId "3203301"]
[EventDate "2011.04.22"]

1. e4 e5 2. Nf3 Nc6 3. Bc4 Nf6 4. d4 exd4 5. e5 d5 6. Bb5 Ne4 7. Nxd4 Bd7 8.
Bxc6 bxc6 9. O-O Bc5 10. Be3 Qe7 11. Re1 O-O 12. Nc3 Nxc3 13. bxc3 Ba3 14. Qd2
Qxe5 15. Bg5 Qd6 16. Be7 Qxe7 17. Rxe7 Bxe7 18. Re1 Bf6 19. Qf4 Rfe8 20. Rxe8+
Rxe8 21. Nf3 Bxc3 22. Qxc7 Bf5 23. Qxc6 Rc8 24. Qxd5 Be6 25. Qb7 a5 26. h4 h6
27. a4 Rc4 28. Qb6 Rb4 29. Qc6 Rc4 30. Qe8+ Kh7 31. Qb5 g6 32. g3 Bb4 33. h5 g5
34. Ne5 Rc5 35. Qe2 Bc3 36. Qd3+ Kg7 37. Nd7 Rc6 38. f4 Rc7 39. Nf8 Bg4 40. fxg5
hxg5 41. h6+ Kxf8 42. Qd6+ 1-0

[Event "17th Asian Cities"]
[Site "Jakarta INA"]
[Date "2011.04.23"]
[Round "3.9"]
[White "Saleh, Nagueb"]
[Black "Omar, Noaman"]
[Result "1/2-1/2"]
[WhiteElo "2194"]
[BlackElo "2253"]
[WhiteTeam "Dubai"]
[BlackTeam "Sharjah"]
[WhiteFideId "9300058"]
[BlackFideId "9300244"]
[EventDate "2011.04.22"]

1. Nf3 c5 2. c4 Nc6 3. Nc3 g6 4. g3 Bg7 5. Bg2 e6 6. O-O Nge7 7. Rb1 O-O 8. a3
d5 9. d3 d4 10. Na4 b6 11. b4 cxb4 12. axb4 Rb8 13. b5 Ne5 14. Nxe5 Bxe5 15. e4
Bb7 16. c5 bxc5 17. Nxc5 Ba8 18. Qb3 Bg7 19. Ba3 Re8 20. Qa4 Nc8 21. Rfc1 Bf8
22. Na6 Nb6 23. Qb3 Bxa3 24. Qxa3 Rc8 25. Rxc8 Qxc8 26. Rc1 Qd7 27. Nc7 Rb8 28.
Rc5 Nc8 29. Qa5 Kg7 30. Qa3 Kg8 1/2-1/2

[Event "17th Asian Cities"]
[Site "Jakarta INA"]
[Date "2011.04.23"]
[Round "3.9"]
[White "Abdulkarim, Ali"]
[Black "Al Razi, Naji Mohd Saeed"]
[Result "1/2-1/2"]
[WhiteElo "1898"]
[BlackElo "2209"]
[WhiteTeam "Sharjah"]
[BlackTeam "Dubai"]
[WhiteFideId "9301640"]
[BlackFideId "9300813"]
[EventDate "2011.04.22"]

1. d4 d5 2. c4 e6 3. Nc3 Nf6 4. cxd5 exd5 5. Bg5 Be7 6. Qc2 g6 7. e4 dxe4 8.
Bxf6 Bxf6 9. Qxe4+ Qe7 10. Qxe7+ Bxe7 11. Bc4 O-O 12. Nf3 Nd7 13. O-O-O a6 14.
Rhe1 Bd6 15. Ne5 Kg7 16. f3 f6 17. Nd3 Nb6 18. Bb3 Bf5 19. g3 Bxd3 20. Rxd3 f5
21. f4 Rfe8 22. Rde3 Kf8 23. Rxe8+ Rxe8 24. Rxe8+ Kxe8 25. Nd5 Nxd5 26. Bxd5 b6
27. Kd2 Ke7 28. Ke3 Kf6 29. Kf3 Bb4 30. h3 h6 1/2-1/2

[Event "17th Asian Cities"]
[Site "Jakarta INA"]
[Date "2011.04.23"]
[Round "3.9"]
[White "Suhail, Abdurahim"]
[Black "Saud, Mohamed"]
[Result "1/2-1/2"]
[WhiteElo "2242"]
[BlackElo "2087"]
[WhiteTeam "Dubai"]
[BlackTeam "Sharjah"]
[WhiteFideId "9300228"]
[BlackFideId "9300457"]
[EventDate "2011.04.22"]

1. Nc3 d5 2. e4 c6 3. Nf3 d4 4. Ne2 c5 5. Ng3 Nf6 6. Bc4 e6 7. d3 Nc6 8. a3 Be7
9. O-O O-O 10. h3 a6 11. Qe2 b5 12. Ba2 Bb7 13. Nh2 Rb8 14. f4 Qc7 15. e5 Nd5
16. Ng4 c4 17. f5 Bh4 18. f6 Nxf6 19. exf6 Bxg3 20. fxg7 Kxg7 21. Bh6+ Kh8 22.
Bxf8 Rxf8 23. Nf6 Qe5 24. Qxe5 Nxe5 25. dxc4 bxc4 26. Rad1 Rd8 27. Ng4 d3 28.
Nxe5 Bxe5 29. cxd3 cxd3 30. Rxf7 Be4 31. Bxe6 Bxb2 32. Bf5 Bxf5 33. Rxf5 Bxa3
34. Ra5 Bb4 35. Rxa6 d2 36. Re6 Rf8 37. Re2 Rf5 38. Rdxd2 Bxd2 39. Rxd2 Kg7 40.
Rd6 h6 41. h4 h5 1/2-1/2

[Event "17th Asian Cities"]
[Site "Jakarta INA"]
[Date "2011.04.23"]
[Round "3.9"]
[White "Walid, Anwar"]
[Black "Abdulla, Ali"]
[Result "1/2-1/2"]
[WhiteElo "1775"]
[BlackElo "1669"]
[WhiteTeam "Sharjah"]
[BlackTeam "Dubai"]
[WhiteFideId "9302271"]
[BlackFideId "9302336"]
[EventDate "2011.04.22"]

1. d4 d5 2. c4 e6 3. Nf3 c6 4. cxd5 exd5 5. Nc3 Nf6 6. Bg5 Be7 7. e3 Bf5 8. Bd3
Bxd3 9. Bxf6 Bxf6 10. Qxd3 Nd7 11. b4 a6 12. O-O Qe7 13. Rab1 O-O 14. a4 Nb6 15.
Nd2 Rfd8 16. b5 axb5 17. axb5 c5 18. dxc5 Qxc5 19. Ne2 Nc4 20. Rfc1 Ra2 21. Nf3
Ra3 22. Qd1 Kh8 23. Kh1 Kg8 24. Kg1 Kh8 25. Kh1 Kg8 26. Kg1 Kh8 27. Kh1 Kg8 28.
Kg1 1/2-1/2

[Event "17th Asian Cities"]
[Site "Jakarta INA"]
[Date "2011.04.23"]
[Round "3.10"]
[White "Kadek, Iin Dwijayanti"]
[Black "Shrestha, Bilam Lal"]
[Result "1/2-1/2"]
[WhiteTitle "WCM"]
[BlackTitle "FM"]
[WhiteElo "1919"]
[BlackElo "2129"]
[WhiteTeam "Pekanbaru"]
[BlackTeam "Kathmandu"]
[WhiteFideId "7101066"]
[BlackFideId "12300047"]
[EventDate "2011.04.22"]

1. e4 d6 2. d4 Nf6 3. Bd3 Nc6 4. c3 e5 5. d5 Ne7 6. Ne2 Bd7 7. O-O Ng6 8. Ng3
Be7 9. c4 O-O 10. Nf5 Bxf5 11. exf5 Nh8 12. Qf3 Nd7 13. Nc3 f6 14. Qg4 Nf7 15.
Re1 Re8 16. Re3 Bf8 17. Ne4 Nc5 18. Nxc5 dxc5 19. Rh3 Qd7 20. Qh5 h6 21. Rg3 e4
22. Bc2 Re5 23. Bxh6 Qxf5 24. Qxf5 Rxf5 25. Bd2 Re8 26. Re1 Nd6 27. b3 b5 28.
Bc3 Rf4 29. Rge3 f5 30. g3 Rg4 31. f3 Rg5 32. fxe4 fxe4 33. Bxe4 bxc4 34. bxc4
Rg4 35. Bd3 Rxe3 36. Rxe3 Nxc4 37. Re4 Rxe4 38. Bxe4 Bd6 39. Kf2 Nb6 40. Ke3 Kf7
41. Kf3 Na4 42. Ba1 c4 43. Bc2 Nb6 44. Ke4 Nd7 45. Bc3 Bc5 46. Bd1 Nf6+ 47. Ke5
Bg1 48. h3 Nd7+ 49. Kf4 Nb6 50. Ke4 Nd7 51. Kf4 Nf6 52. Bf3 Bc5 53. g4 Ne8 54.
h4 Nd6 55. a4 Nb7 56. Be2 Bd6+ 57. Kf3 Be7 58. Bxc4 Nd6 59. Bd3 Bxh4 60. Bd4 Nc8
61. Bf5 Nb6 62. Be6+ Kf8 63. a5 Nc4 64. a6 Nb6 65. d6 Bd8 66. d7 Ke7 67. Bf5 Kf7
68. Bc2 Ke7 69. Bf5 g6 70. Bxg6 Kxd7 71. Be4 Kd6 72. Kf4 c5 73. Be5+ Kd7 74. Bb8
Bc7+ 75. Bxc7 Kxc7 76. g5 Kd6 77. Kf5 Ke7 78. Ke5 Nd7+ 79. Kd5 Nb8 80. Bd3 Kf7 1/2-1/2